000 00713nam a2200205Ia 4500
005 20240530110155.0
008 140319s9999 xx 000 0 ara d
040 _aGCL /
_cGCL
082 0 4 _a413.1 /
_bف ك
100 _aابو نصر الفارابى
245 1 0 _aكتاب الالفاظ المستعملة فى المنطق/
_bتاليف ابو نصر الفارابى ؛ محقق محسن مهدى
260 _aبيروت :
_bدار المشرق ،
_c1968
300 _a131ص؛
_b24 سم
490 _aالمجموعة الفلسفية
650 0 4 _aالمنطق
650 0 4 _aالالفاظ
700 _aمحسن مهدى
_eمحقق
942 _2ddc
_cBK
999 _c59190
_d59190